[Event "Patras op"]
[Site "Patras"]
[Date "2002.08.06"]
[Round "7.38"]
[White "Pavlatos, Nikiforos"]
[Black "Pavlatos, Gerasimos"]
[Result "1/2-1/2"]
[WhiteElo "1290"]
[BlackElo "1370"]
[PlyCount "21"]
[EventDate "2002.08.??"]
[EventType "swiss"]
[EventRounds "9"]
[EventCountry "GRE"]
[SourceTitle "CBM 089 Extra"]
[Source "ChessBase"]
[SourceDate "2002.09.10"]
[SourceVersion "2"]
[SourceVersionDate "2002.09.10"]
[SourceQuality "1"]

1. e4 c5 2. Nf3 Nc6 3. d4 cxd4 4. Nxd4 Nf6 5. f3 g6 6. Be3 Bg7 7. c4 Qb6 8. b3 Nxe4 9. Nc2 Qa5+ 10. Nd2 Bxa1 11. Qxa1 1/2-1/2

[Event "Patras op"]
[Site "Patras"]
[Date "2002.08.04"]
[Round "5.40"]
[White "Pavlatos, Nikiforos"]
[Black "Tseles, Drosos"]
[Result "1-0"]
[WhiteElo "1290"]
[BlackElo "1520"]
[PlyCount "57"]
[EventDate "2002.08.??"]
[EventType "swiss"]
[EventRounds "9"]
[EventCountry "GRE"]
[SourceTitle "CBM 089 Extra"]
[Source "ChessBase"]
[SourceDate "2002.09.10"]
[SourceVersion "2"]
[SourceVersionDate "2002.09.10"]
[SourceQuality "1"]

1. e4 e5 2. Nf3 Nc6 3. Bb5 a6 4. Ba4 Nf6 5. d3 b5 6. Bb3 Be7 7. c3 0-0 8. 0-0 d5 9. exd5 Nxd5 10. h3 Bf5 11. Re1 Bf6 12. Na3 Nb6 13. Bc2 Re8 14. Be3 Nd5 15. Qd2 b4 16. Ba4 bxa3 17. Bxc6 axb2 18. Rab1 e4 19. Nd4 exd3 20. Bxe8 Nxc3 21. Qxc3 c5 22. Bxf7+ Kh8 23. Qb3 Bxd4 24. Bxd4 Qxd4 25. Qb7 Rd8 26. Qe7 h6 27. Be6 d2 28. Bxf5 dxe1Q+ 29. Rxe1 1-0

[Event "Patras op"]
[Site "Patras"]
[Date "2002.08.02"]
[Round "3.33"]
[White "Pavlatos, Nikiforos"]
[Black "Kostopoulos, Evaggelos"]
[Result "0-1"]
[WhiteElo "1290"]
[BlackElo "1755"]
[PlyCount "74"]
[EventDate "2002.08.??"]
[EventType "swiss"]
[EventRounds "9"]
[EventCountry "GRE"]
[SourceTitle "CBM 089 Extra"]
[Source "ChessBase"]
[SourceDate "2002.09.10"]
[SourceVersion "2"]
[SourceVersionDate "2002.09.10"]
[SourceQuality "1"]

1. e4 d6 2. d4 Nf6 3. Nc3 c6 4. Be2 Qa5 5. Bd3 e5 6. Nge2 Nbd7 7. Be3 Be7 8. 0-0 0-0 9. f4 Ng4 10. Bd2 Qc7 11. Ng3 exd4 12. Qxg4 dxc3 13. Nh5 g6 14. Bxc3 Nf6 15. Nxf6+ Bxf6 16. Qg3 Bxc3 17. bxc3 f5 18. exf5 Bxf5 19. Qg5 Qd7 20. g4 Bxg4 21. Rfe1 Rae8 22. Rxe8 Rxe8 23. Bxg6 hxg6 24. Qxg6+ Kh8 25. Qh6+ Qh7 26. Qxd6 Qg7 27. Kf2 Re2+ 28. Kf1 Bh5 29. Qd8+ Re8 30. Qh4 Qg6 31. Rb1 Rg8 32. Qf2 b6 33. Re1 Rg7 34. f5 Qg4 35. Re3 Qd1+ 36. Re1 Qf3 37. f6 Qh1+ 0-1